अनुसंधान विधिया एवम् सांखिकीय विश्लेषण / (Record no. 210291)
[ view plain ]
| 000 -LEADER | |
|---|---|
| fixed length control field | 00899nam a22002057a 4500 |
| 005 - DATE AND TIME OF LATEST TRANSACTION | |
| control field | 20250313142104.0 |
| 010 ## - LCCN (DPL NO) | |
| LC control number | HIN-129492 |
| 020 ## - INTERNATIONAL STANDARD BOOK NUMBER | |
| International Standard Book Number | 9789353793371 |
| Terms of availability | 400.00 |
| 035 ## - SYSTEM CONTROL NUMBER | |
| System control number | HN-101838 |
| 037 ## - SOURCE OF ACQUISITION | |
| Source of stock number/acquisition | DBAD |
| 082 ## - DEWEY DECIMAL CLASSIFICATION NUMBER | |
| Classification number | 001.42 |
| 100 ## - MAIN ENTRY--PERSONAL NAME | |
| Personal name | मनीष कुमार |
| 245 ## - TITLE STATEMENT | |
| Title | अनुसंधान विधिया एवम् सांखिकीय विश्लेषण / |
| Statement of responsibility, etc | मनीष कुमार |
| Remainder of title | MCO-3 |
| 250 ## - EDITION STATEMENT | |
| Edition statement | प्रथम |
| 260 ## - PUBLICATION, DISTRIBUTION, ETC. (IMPRINT) | |
| Place of publication, distribution, etc | दिल्ली |
| Name of publisher, distributor, etc | नीरज पब्लिकेशनस |
| 270 ## - ADDRESS | |
| Address | 1507, प्रथम फ्लोर, नई सड़क, दिल्ली |
| City | दिल्ली |
| Postal code | 110006 |
| Electronic mail address | info@neerajignoubooks.com |
| 300 ## - PHYSICAL DESCRIPTION | |
| Extent | 275 पृष्ठ; |
| Dimensions | 24सेमी (अजिल्द) |
| 700 ## - ADDED ENTRY--PERSONAL NAME | |
| Personal name | मनीष कुमार |
| 9 (RLIN) | 79594 |
| 942 ## - ADDED ENTRY ELEMENTS (KOHA) | |
| Item type | Hindi Books |
| Classification part | 001.42 |
| Call number suffix | मनीष |
| Source of classification or shelving scheme | Dewey Decimal Classification |
| Withdrawn status | Lost status | Not for loan | Home library | Current library | Date acquired | Source of acquisition | Cost, normal purchase price | Full call number | Barcode | Cost, replacement price | Koha item type |
|---|---|---|---|---|---|---|---|---|---|---|---|
| D.B.Act.Division | D.B.Act.Division | 13/03/2025 | 001.42 मनीष | Hindi Books | |||||||
| RC3 Shakur Pur | RC3 Shakur Pur | 13/03/2025 | DBAD | 400.00 | 001.42 मनीष | HN-101838 | 400.00 | Hindi Books |
